Normal view MARC view
  • Rehman, Rashid

Entry Personal Name

Number of records used in: 1

001 - CONTROL NUMBER

  • control field: 121672

003 - CONTROL NUMBER IDENTIFIER

  • control field: NUST

005 - DATE AND TIME OF LATEST TRANSACTION

  • control field: 20240229111653.0

008 - FIXED-LENGTH DATA ELEMENTS

  • fixed length control field: 240229|| aca||aabn | a|a d

040 ## - CATALOGING SOURCE

  • Original cataloging agency: NUST
  • Transcribing agency: NUST

100 ## - HEADING--PERSONAL NAME

  • Personal name: Rehman, Rashid

670 ## - SOURCE DATA FOUND

  • Source citation: Work cat.: (NUST): Rehman, Rashid , Aeracoustic Analysis of a Vertical Axis Wind Turbine installed in the Wake of a Bluff Body /
© 2023 Central Library, National University of Sciences and Technology. All Rights Reserved.